| 000 | 00483nam a22001697a 4500 | ||
|---|---|---|---|
| 999 |
_c40770 _d40770 |
||
| 003 | OSt | ||
| 005 | 20200606120153.0 | ||
| 008 | 191102b ||||| |||| 00| 0 eng d | ||
| 020 | _a9788192915289 | ||
| 040 | _cMESKC library | ||
| 082 |
_a954 _bDHA/P |
||
| 100 |
_913 _aDhama, Tejpal Singh |
||
| 245 |
_aPrithviraj Chauhan / _cTejpal Singh Dhama |
||
| 260 |
_aDelhi : _bHarsh Pustak Ghar, _c2015 |
||
| 300 | _a127p | ||
| 942 |
_2ddc _cBK _h954 _iDHA/P _k954 _mDHA/P |
||